Normal view
MARC view
- 39gwaq7peh7fjtfa4dxguurfn7gulq2pt
Entry Personal Name
001 - CONTROL NUMBER
- control field: 78804
003 - CONTROL NUMBER IDENTIFIER
- control field: NUST
005 - DATE AND TIME OF LATEST TRANSACTION
- control field: 20210628210252.0
008 - FIXED-LENGTH DATA ELEMENTS
- fixed length control field: 210628|| aca||aabn | a|a d
040 ## - CATALOGING SOURCE
- Original cataloging agency: NUST
- Transcribing agency: NUST
100 ## - HEADING--PERSONAL NAME
- Personal name: 39gwaq7peh7fjtfa4dxguurfn7gulq2pt
670 ## - SOURCE DATA FOUND
- Source citation: Work cat.: (NUST): 39gwaq7peh7fjtfa4dxguurfn7gulq2pt, Islahi mawaz,speeches of maulana muhammad yousaf ludhanvi, 2001
